000 00411nam a2200145 4500
999 _c1158
_d1158
008 200110b ||||| |||| 00| 0 eng d
082 0 0 _a621.815
_bS5555
100 _9744
_aShigley, Joseph Edward
245 1 0 _aMechanical Engineering Design
_cby Joseph Edward Shigley
250 _a2nd ed.
260 _aTokyo
_bMcGraw-Hill Kogakusha
_c1972
300 _axii, 753 p.
650 0 _aMachine Design
942 _2ddc
_cBK